000
00376nam a2200133Ia 4500
008
151001s9999||||xx |||||||||||||| ||und||
100
_a
सुमन शंभू
245
_a
नशा मादकता से मौत तक
250
_a
1
260
_b
मित्तल बुक एजन्सी
260
_c
2009
300
_a
152
365
_b
21
999
_c
994411
_d
994408